Kreis Kleve | Städte und Gemeinden - Statistiken

Allgemein
  • Dieses Quiz wurde 138 mal gespielt
  • Das Durchschnittsergebnis liegt bei 10 aus 16
Antworten auf der Karte
Die Antworten werden auf der Karte rot bzw. grün angezeigt, abhängig davon wie oft sie richtig erraten wurden.
 
Antwortstatistiken
Einwohner Stadt / Gemeinde % Korrekt
53.388 Kleve
95%
34.298 Geldern
84%
35.270 Goch
84%
28.232 Kevelaer
73%
12.750 Kerken
67%
16.365 Straelen
67%
11.181 Kranenburg
65%
11.587 Weeze
62%
13.341 Bedburg-Hau
60%
21.475 Rees
56%
12.364 Issum
55%
14.191 Kalkar
55%
8.225 Wachtendonk
51%
6.566 Rheurdt
47%
8.513 Uedem
47%
31.544 Emmerich am Rhein
42%
Keine übereinstimmenden Quizze gefunden
Verteilung der Resultate
Anzahl Personen mit jedem Resultat
Perzentil nach korrekt beantworteten Fragen
Ihre Resultats-Entwicklung
Sie haben dieses Quiz noch nicht gespielt